The ties that bind : (Record no. 4244)

MARC details
000 -LEADER
fixed length control field 00889nam a22002177a 4500
003 - CONTROL NUMBER IDENTIFIER
control field OSt
005 - DATE AND TIME OF LATEST TRANSACTION
control field 20250826030620.0
008 - FIXED-LENGTH DATA ELEMENTS--GENERAL INFORMATION
fixed length control field 250826b |||||||| |||| 00| 0 eng d
020 ## - INTERNATIONAL STANDARD BOOK NUMBER
International Standard Book Number 971-679-072-4
040 ## - CATALOGING SOURCE
Transcribing agency OC
082 ## - DEWEY DECIMAL CLASSIFICATION NUMBER
Classification number Fil. 363.909599 T564 2004
245 ## - TITLE STATEMENT
Title The ties that bind :
Remainder of title population and development in the Philippines Luningning Achacoso-Sevilla, general editor
260 ## - PUBLICATION, DISTRIBUTION, ETC.
Place of publication, distribution, etc. Makati City, Philippines :
Name of publisher, distributor, etc. AIM Policy Center, Asian Institute of Management,
Date of publication, distribution, etc. c2004.
300 ## - PHYSICAL DESCRIPTION
Extent xxii, 191 pages :
Other physical details black & white illustration ;
Dimensions 23 cm.
504 ## - BIBLIOGRAPHY, ETC. NOTE
Bibliography, etc. note Include index.
650 ## - SUBJECT ADDED ENTRY--TOPICAL TERM
Source of heading or term Economic development projects--Philippines.
650 ## - SUBJECT ADDED ENTRY--TOPICAL TERM
Source of heading or term Phils.--Population.
650 ## - SUBJECT ADDED ENTRY--TOPICAL TERM
Source of heading or term Phils.--Population policy.
650 ## - SUBJECT ADDED ENTRY--TOPICAL TERM
Source of heading or term Phils.--Economic conditions, 1986-
942 ## - ADDED ENTRY ELEMENTS (KOHA)
Source of classification or shelving scheme Dewey Decimal Classification
Koha item type Book-Filipiniana
Edition 2nd edition
Classification part Fil. 363.909599 T564 2004
Call number prefix Fil.
Suppress in OPAC No
952 ## - LOCATION AND ITEM INFORMATION (KOHA)
--
952 ## - LOCATION AND ITEM INFORMATION (KOHA)
--
952 ## - LOCATION AND ITEM INFORMATION (KOHA)
--
952 ## - LOCATION AND ITEM INFORMATION (KOHA)
--
952 ## - LOCATION AND ITEM INFORMATION (KOHA)
--
952 ## - LOCATION AND ITEM INFORMATION (KOHA)
--
952 ## - LOCATION AND ITEM INFORMATION (KOHA)
--
952 ## - LOCATION AND ITEM INFORMATION (KOHA)
--
952 ## - LOCATION AND ITEM INFORMATION (KOHA)
--
952 ## - LOCATION AND ITEM INFORMATION (KOHA)
--
952 ## - LOCATION AND ITEM INFORMATION (KOHA)
--
952 ## - LOCATION AND ITEM INFORMATION (KOHA)
--
Holdings
Withdrawn status Lost status Source of classification or shelving scheme Damaged status Not for loan Home library Current library Shelving location Date acquired Source of acquisition Total Checkouts Full call number Barcode Date last seen Copy number Price effective from Koha item type Uniform Resource Identifier
    Dewey Decimal Classification     College Library College Library Filipiniana 02/23/2006 Donation   Fil. 363.909599 T564 2004 CL42850 08/26/2025 c12 08/26/2025 BK - FIL
    Dewey Decimal Classification     College Library College Library Filipiniana 02/23/2006 Donation   Fil. 363.909599 T564 2004 CL42849 08/26/2025 c11 08/26/2025 BK - FIL
    Dewey Decimal Classification     College Library College Library Filipiniana 02/23/2006 Donation   Fil. 363.909599 T564 2004 CL42848 08/26/2025 c10 08/26/2025 BK - FIL
    Dewey Decimal Classification     College Library College Library Filipiniana 02/23/2006 Donation   Fil. 363.909599 T564 2004 CL42847 08/26/2025 c9 08/26/2025 BK - FIL
    Dewey Decimal Classification     College Library College Library Filipiniana 02/23/2006 Donation   Fil. 363.909599 T564 2004 CL42846 08/26/2025 c8 08/26/2025 BK - FIL
    Dewey Decimal Classification     College Library College Library Filipiniana 02/23/2006 Donation   Fil. 363.909599 T564 2004 CL42845 08/26/2025 c7 08/26/2025 BK - FIL
    Dewey Decimal Classification     College Library College Library Filipiniana 02/23/2006 Donation   Fil. 363.909599 T564 2004 CL42844 08/26/2025 c6 08/26/2025 BK - FIL
    Dewey Decimal Classification     College Library College Library Filipiniana 02/23/2006 Donation   Fil. 363.909599 T564 2004 CL42843 08/26/2025 c5 08/26/2025 BK - FIL
    Dewey Decimal Classification     College Library College Library Filipiniana 02/23/2006 Donation   Fil. 363.909599 T564 2004 CL42842 08/26/2025 c4 08/26/2025 BK - FIL
    Dewey Decimal Classification     College Library College Library Filipiniana 02/23/2006 Donation   Fil. 363.909599 T564 2004 CL42841 08/26/2025 c3 08/26/2025 BK - FIL
    Dewey Decimal Classification     College Library College Library Filipiniana 02/23/2006 Donation   Fil. 363.909599 T564 2004 CL42840 08/26/2025 c2 08/26/2025 BK - FIL
    Dewey Decimal Classification     College Library College Library Filipiniana 02/23/2006 Donation   Fil. 363.909599 T564 2004 CL42839 08/26/2025 c1 08/26/2025 BK - FIL